Poems for me and you (Record no. 377131)

MARC details
000 -LEADER
fixed length control field 00260nam a2200097Ia 4500
082 ## - DEWEY DECIMAL CLASSIFICATION NUMBER
Classification number EJF POEM
008 - FIXED-LENGTH DATA ELEMENTS--GENERAL INFORMATION
fixed length control field 210817s9999 xx 000 0 und d
100 ## - MAIN ENTRY--PERSONAL NAME
Personal name Sinclair, Peta-Jane Cape Town, 2009
9 (RLIN) 92498
245 #0 - TITLE STATEMENT
Title Poems for me and you
942 ## - ADDED ENTRY ELEMENTS
item type Books

No items available.